Reklama a děti: delikátní problém

Deti ako dôležitá sociálna skupina so stále narastajúcim obchodným významom. Vplyv detí na nákupné rozhodnutie rodičov, najmä matky. Oslovenie detí prostredníctvom reklamy. Podlinkové aktivity - súťaže a programy pre deti. Riziká reklamy. Reklama na potraviny a problém detskej obezity. Deti ako herc...

Ausführliche Beschreibung

Gespeichert in:
Bibliographische Detailangaben
1. Verfasser: Zenkner, Petr
Weitere Verfasser: Janoutová, Magdalena
Format: Buchkapitel
Sprache:Tschechisch
Schlagworte:
Tags: Tag hinzufügen
Keine Tags, Fügen Sie das erste Tag hinzu!

MARC

LEADER 00000naa$a2200000$$$4500
001 0036975
005 20231018124943.9
041 0 |a cze 
044 |a CZ 
245 1 0 |a Reklama a děti: delikátní problém  |c Petr Zenkner, Magdalena Janoutová 
520 |a Deti ako dôležitá sociálna skupina so stále narastajúcim obchodným významom. Vplyv detí na nákupné rozhodnutie rodičov, najmä matky. Oslovenie detí prostredníctvom reklamy. Podlinkové aktivity - súťaže a programy pre deti. Riziká reklamy. Reklama na potraviny a problém detskej obezity. Deti ako herci v reklame. 
610 2 0 |a reklama 
610 2 0 |a podpora predaja 
610 2 0 |a komunikácia masová 
610 2 0 |a médiá 
610 2 0 |a etika 
610 2 0 |a deti 
100 1 |a Zenkner, Petr 
700 1 |a Janoutová, Magdalena